[Event "GER Cup Net V2 U2000"]
[Site "Playchess.com INT"]
[Date "2020.05.22"]
[Round "5"]
[White "Schroeder, Kai Uwe"]
[Black "Klein, Andreas"]
[Result "0-1"]
[WhiteElo "1714"]
[BlackElo "1489"]
[PlyCount "112"]
[EventDate "2020.05.22"]
[EventType "swiss (blitz)"]
[EventRounds "9"]
[EventCountry "GER"]
[SourceTitle "EXT 2021"]
[Source "ChessBase"]
[SourceDate "2020.10.23"]
[SourceVersion "1"]
[SourceVersionDate "2020.10.23"]
[SourceQuality "1"]

1. e4 c5 2. Nf3 e6 3. d4 cxd4 4. Nxd4 Nc6 5. Nc3 Qc7 6. Be3 a6 7. Qd2 Nf6 8. f3 Bb4 9. 0-0-0 Ne5 10. Be2 Bxc3 11. Qxc3 Qxc3 12. bxc3 0-0 13. g4 h6 14. h4 d5 15. g5 hxg5 16. hxg5 Ne8 17. exd5 exd5 18. f4 Nc6 19. Nxc6 bxc6 20. Bc5 Be6 21. Bxf8 Kxf8 22. Bd3 Ke7 23. f5 Bd7 24. Rh8 a5 25. f6+ gxf6 26. gxf6+ Kxf6 27. Re1 Nc7 28. Rxa8 Nxa8 29. Rf1+ Ke7 30. c4 Be6 31. cxd5 Bxd5 32. a3 Nc7 33. Kd2 Ne6 34. c3 Nc5 35. Bc2 Ne4+ 36. Bxe4 Bxe4 37. Ke3 Bd5 38. Rf4 Kd6 39. Ra4 f6 40. Rxa5 f5 41. Kf4 Be4 42. Ra6 Kc7 43. Ra4 Bd3 44. Rb4 c5 45. Rb2 Kc6 46. Rh2 Kb5 47. Rh3 Be4 48. Re3 Ka4 49. Rxe4+ fxe4 50. Kxe4 Kxa3 51. Kd3 Kb3 52. Kd2 c4 53. Kd1 Kxc3 54. Kc1 Kd3 55. Kd1 c3 56. Kc1 c2 0-1

[Event "GER-ch Net Amateur Gr-B Vor3"]
[Site "Playchess.com INT"]
[Date "2020.04.16"]
[Round "8"]
[White "Diederichs, Karl"]
[Black "Klein, Andreas"]
[Result "1/2-1/2"]
[WhiteElo "1362"]
[BlackElo "1506"]
[PlyCount "41"]
[EventDate "2020.04.16"]
[EventType "swiss (blitz)"]
[EventRounds "9"]
[EventCountry "GER"]
[SourceTitle "CBM 195 Extra"]
[Source "ChessBase"]
[SourceDate "2020.05.31"]
[SourceVersion "1"]
[SourceVersionDate "2020.05.31"]
[SourceQuality "1"]

1. d4 d6 2. e3 c6 3. Nf3 Qc7 4. Bd3 g6 5. Nbd2 Bg7 6. c3 Nf6 7. 0-0 Nbd7 8. Re1 0-0 9. e4 Re8 10. e5 dxe5 11. Nxe5 Nxe5 12. dxe5 Nd5 13. Bc4 Bxe5 14. Nf3 Bg7 15. Bxd5 Rf8 16. Bb3 Bg4 17. Qe2 e6 18. h3 Bxf3 19. Qxf3 Rad8 20. Bg5 f6 21. Be3 1/2-1/2

[Event "GER-ch Net Amateur Gr-B Vor2"]
[Site "Playchess.com INT"]
[Date "2020.04.15"]
[Round "7"]
[White "Dederichs, Wolfgang"]
[Black "Klein, Andreas"]
[Result "1-0"]
[WhiteElo "1771"]
[BlackElo "1447"]
[PlyCount "55"]
[EventDate "2020.04.15"]
[EventType "swiss (blitz)"]
[EventRounds "9"]
[EventCountry "GER"]
[SourceTitle "CBM 196 Extra"]
[Source "ChessBase"]
[SourceDate "2020.07.31"]
[SourceVersion "1"]
[SourceVersionDate "2020.07.31"]
[SourceQuality "1"]

1. f4 d6 2. Nf3 c6 3. b3 Qc7 4. Bb2 Nf6 5. e3 Nbd7 6. Be2 g6 7. 0-0 Bg7 8. d4 0-0 9. Qc1 Re8 10. Nbd2 a6 11. Bd3 b6 12. e4 Bb7 13. e5 dxe5 14. fxe5 Nd5 15. Ng5 Rf8 16. Nde4 h6 17. Qe1 hxg5 18. Nxg5 Bh6 19. Qh4 Bxg5 20. Qxg5 Kg7 21. e6 N7f6 22. exf7 Rxf7 23. Qxg6+ Kf8 24. c4 Ne3 25. Qh6+ Ke8 26. Qxe3 Ng4 27. Qh3 Nf6 28. Bg6 1-0

[Event "GER-ch Net Amateur Gr-B Vor1"]
[Site "Playchess.com INT"]
[Date "2020.04.14"]
[Round "8"]
[White "Klein, Andreas"]
[Black "Bascheck, Ralf"]
[Result "1/2-1/2"]
[WhiteElo "1490"]
[BlackElo "1532"]
[PlyCount "54"]
[EventDate "2020.04.14"]
[EventType "swiss (blitz)"]
[EventRounds "9"]
[EventCountry "GER"]
[SourceTitle "EXT 2021"]
[Source "ChessBase"]
[SourceDate "2020.10.23"]
[SourceVersion "1"]
[SourceVersionDate "2020.10.23"]
[SourceQuality "1"]

1. e4 e6 2. d4 d5 3. Nd2 Nf6 4. e5 Nfd7 5. Bd3 c5 6. c3 Nc6 7. Ne2 Qb6 8. Nf3 f6 9. exf6 Nxf6 10. 0-0 Bd6 11. a3 cxd4 12. cxd4 0-0 13. Qc2 Bd7 14. Bg5 h6 15. Be3 Rac8 16. Qd2 Ng4 17. Rac1 Nxe3 18. fxe3 e5 19. dxe5 Nxe5 20. Nxe5 Bxe5 21. b4 Qd6 22. h3 Bc6 23. Bb1 a6 24. Qd3 Rxf1+ 25. Rxf1 g6 26. Qxg6+ Qxg6 27. Bxg6 Bb2 1/2-1/2

[Event "GER-ch Net Amateur Gr-B Vor1"]
[Site "Playchess.com INT"]
[Date "2020.04.14"]
[Round "6"]
[White "Klein, Andreas"]
[Black "Fichtl, Andreas"]
[Result "1-0"]
[WhiteElo "1531"]
[BlackElo "1434"]
[PlyCount "51"]
[EventDate "2020.04.14"]
[EventType "swiss (blitz)"]
[EventRounds "9"]
[EventCountry "GER"]
[SourceTitle "EXT 2021"]
[Source "ChessBase"]
[SourceDate "2020.10.23"]
[SourceVersion "1"]
[SourceVersionDate "2020.10.23"]
[SourceQuality "1"]

1. e4 e6 2. d4 d5 3. Nd2 c5 4. exd5 Qxd5 5. Ngf3 Nc6 6. Bc4 Qd6 7. dxc5 Qxc5 8. 0-0 Nf6 9. b3 Bd7 10. a4 0-0-0 11. c3 Qh5 12. Re1 Bd6 13. Nf1 Ne5 14. Be2 Neg4 15. Qxd6 Bc6 16. Qg3 Ne4 17. Qh4 Qf5 18. Be3 Nxc3 19. Ng3 Nxe2+ 20. Rxe2 Qg6 21. Rae1 Rd3 22. b4 Rhd8 23. h3 Nxe3 24. Rxe3 h6 25. Rxd3 Rxd3 26. Ne5 1-0

[Event "GER-ch Net Amateur Gr-B Vor1"]
[Site "Playchess.com INT"]
[Date "2020.04.14"]
[Round "9"]
[White "Matthies, Alexander"]
[Black "Klein, Andreas"]
[Result "0-1"]
[WhiteElo "1447"]
[BlackElo "1496"]
[PlyCount "86"]
[EventDate "2020.04.14"]
[EventType "swiss (blitz)"]
[EventRounds "9"]
[EventCountry "GER"]
[SourceTitle "EXT 2021"]
[Source "ChessBase"]
[SourceDate "2020.10.23"]
[SourceVersion "1"]
[SourceVersionDate "2020.10.23"]
[SourceQuality "1"]

1. e4 c5 2. Nf3 e6 3. d4 cxd4 4. Nxd4 Nc6 5. Nc3 Qc7 6. Be3 a6 7. Be2 Nf6 8. f3 Bb4 9. Qd2 0-0 10. 0-0-0 Nxd4 11. Bxd4 e5 12. Be3 Bxc3 13. Qxc3 Qxc3 14. bxc3 b5 15. h4 Bb7 16. h5 d5 17. exd5 Nxd5 18. Bd2 Rad8 19. h6 g6 20. Rhg1 f5 21. g3 Rc8 22. Kb2 Rc7 23. f4 e4 24. g4 fxg4 25. Rxg4 e3 26. Be1 Rfc8 27. Bf3 Nxc3 28. Bxb7 Nxd1+ 29. Kc1 Rxb7 30. Kxd1 Rbc7 31. Ke2 Rxc2+ 32. Kxe3 Rxa2 33. Rg5 Re8+ 34. Kf3 Rxe1 35. Rd5 Re7 36. Rd8+ Kf7 37. Rb8 Ra3+ 38. Kg4 Rc7 39. Rb6 a5 40. Rxb5 a4 41. Ra5 Ra1 42. Kf3 a3 43. Ke4 a2 0-1

[Event "GER-ch Net Amateur Gr-B Vor1"]
[Site "Playchess.com INT"]
[Date "2020.04.14"]
[Round "7"]
[White "May, Alexander"]
[Black "Klein, Andreas"]
[Result "1-0"]
[WhiteElo "1434"]
[BlackElo "1581"]
[PlyCount "141"]
[EventDate "2020.04.14"]
[EventType "swiss (blitz)"]
[EventRounds "9"]
[EventCountry "GER"]
[SourceTitle "EXT 2021"]
[Source "ChessBase"]
[SourceDate "2020.10.23"]
[SourceVersion "1"]
[SourceVersionDate "2020.10.23"]
[SourceQuality "1"]

1. d4 d6 2. Nf3 c6 3. Nbd2 Qc7 4. e4 g6 5. Be2 Bg7 6. b4 Nf6 7. c3 Nbd7 8. 0-0 0-0 9. a4 Re8 10. Bb2 e5 11. dxe5 dxe5 12. Qc2 Nh5 13. Rfd1 Nf4 14. Bf1 Nf6 15. Nc4 N6h5 16. Nd6 Rd8 17. Nxc8 Raxc8 18. c4 a6 19. Rd2 Rxd2 20. Qxd2 Rd8 21. Qc2 f6 22. Rd1 Bh6 23. Bc1 Rd6 24. c5 Rxd1 25. Qxd1 Bf8 26. a5 Ng7 27. Bxf4 exf4 28. Bc4+ Kh8 29. Qd2 Be7 30. h3 Qd8 31. Qxf4 Qd7 32. e5 Nh5 33. Qe3 Qd1+ 34. Kh2 Kg7 35. exf6+ Bxf6 36. Be2 Qd8 37. Qe4 Qc7+ 38. g3 Qe7 39. Qxe7+ Bxe7 40. Ne5 Bf6 41. Nc4 Bc3 42. Nd6 Bxb4 43. Nxb7 Nf6 44. Bxa6 Ne4 45. Bb5 Bxc5 46. Nxc5 Nxc5 47. Bxc6 Kf6 48. Bb5 Ke5 49. a6 Nxa6 50. Bxa6 Kd4 51. Bc8 Kd3 52. Be6 Ke2 53. Kg2 h6 54. Bf7 g5 55. h4 gxh4 56. gxh4 Kd3 57. Kg3 Ke4 58. f4 Kf5 59. Bg8 Kg6 60. Bb3 Kf5 61. Bc2+ Kf6 62. Kg4 Kg7 63. f5 Kf6 64. Bd3 Kg7 65. Kh5 Kh7 66. f6+ Kg8 67. Kxh6 Kf7 68. Kg5 Kg8 69. Kg6 Kf8 70. f7 Ke7 71. Kg7 1-0

[Event "Niedersachsen-ch op"]
[Site "Verden"]
[Date "2016.01.06"]
[Round "7"]
[White "Klein, Andreas"]
[Black "Nielsen, Lars"]
[Result "1/2-1/2"]
[WhiteElo "2079"]
[BlackElo "2098"]
[PlyCount "132"]
[EventDate "2016.01.03"]
[EventType "swiss"]
[EventRounds "7"]
[EventCountry "GER"]
[SourceTitle "EXT 2018"]
[Source "ChessBase"]
[SourceDate "2017.10.13"]
[SourceVersion "1"]
[SourceVersionDate "2017.10.13"]
[SourceQuality "1"]

1. e4 c6 2. d4 d5 3. f3 dxe4 4. fxe4 e5 5. Nf3 exd4 6. Bc4 Be6 7. Bxe6 fxe6 8. Ng5 e5 9. Qg4 Qd7 10. Qg3 Bd6 11. Nxh7 Nf6 12. Qg6+ Qf7 13. Qxf7+ Kxf7 14. Ng5+ Kg6 15. Nd2 Bb4 16. a3 Ba5 17. b4 Bb6 18. Nc4 Nbd7 19. 0-0 Rh5 20. Nf3 Bc7 21. Re1 b5 22. Nb2 a5 23. Bd2 axb4 24. axb4 Rxa1 25. Rxa1 Bb6 26. Nd3 Nxe4 27. g4 Rh3 28. Nfxe5+ Nxe5 29. Nxe5+ Kh7 30. Kg2 Rh4 31. Be1 Rh6 32. h4 Bc7 33. Kf3 Re6 34. Kxe4 Bxe5 35. Kd3 Rf6 36. Ke4 Bd6 37. Bd2 Rf2 38. Kd3 Rg2 39. g5 c5 40. bxc5 Bxc5 41. h5 Kg8 42. Ra8+ Kf7 43. Rb8 Ke6 44. Rxb5 Kd5 45. Rb7 Rg3+ 46. Ke2 Rg2+ 47. Ke1 Rh2 48. Rxg7 Rxh5 49. Rf7 Rh1+ 50. Rf1 Rxf1+ 51. Kxf1 Ke6 52. Ke2 Kf5 53. Kd3 Ba7 54. Kc4 Bb6 55. Bb4 Kxg5 56. Bc5 Bc7 57. Bxd4 Kf5 58. Kd5 Ba5 59. c4 Bb4 60. Bc5 Be1 61. Bd6 Bf2 62. Bc5 Be1 63. Kc6 Ke6 64. Kb7 Kd7 65. Bd4 Bb4 66. c5 Bxc5 1/2-1/2

[Event "Niedersachsen-ch op"]
[Site "Verden"]
[Date "2016.01.05"]
[Round "5"]
[White "Eilert, Marius"]
[Black "Klein, Andreas"]
[Result "1/2-1/2"]
[WhiteElo "1818"]
[BlackElo "2079"]
[PlyCount "116"]
[EventDate "2016.01.03"]
[EventType "swiss"]
[EventRounds "7"]
[EventCountry "GER"]
[SourceTitle "EXT 2018"]
[Source "ChessBase"]
[SourceDate "2017.10.13"]
[SourceVersion "1"]
[SourceVersionDate "2017.10.13"]
[SourceQuality "1"]

1. c4 Nc6 2. g3 f5 3. Bg2 g6 4. Nc3 Bg7 5. e4 fxe4 6. Bxe4 Nf6 7. Bg2 d6 8. Nge2 Be6 9. Nf4 Bxc4 10. Qa4 Bf7 11. Bxc6+ bxc6 12. Qxc6+ Nd7 13. Nb5 0-0 14. Qxc7 g5 15. Qxd8 Rfxd8 16. Ne2 Bd5 17. Rf1 Ne5 18. d4 Nf3+ 19. Kd1 Nxh2 20. Nc7 Nxf1 21. Nxd5 Bf6 22. Ng1 Nh2 23. Ke2 Ng4 24. Nh3 Rdc8 25. f3 Rc2+ 26. Kd3 Rh2 27. Nxg5 Nf2+ 28. Kc4 Rc8+ 29. Kb5 Rh1 30. a4 Rhxc1 31. Rxc1 Rxc1 32. Ne6 Kf7 33. Nd8+ Ke8 34. Nc6 Bxd4 35. b4 Rxc6 36. Kxc6 Nd3 37. a5 Ne5+ 38. Kb7 Nxf3 39. b5 e5 40. b6 Bxb6 41. Nxb6 Nd4 42. a6 Ne6 43. Kxa7 Nc5 44. Nd5 Kf7 45. Kb6 Nxa6 46. Kxa6 Ke6 47. Ne3 d5 48. Kb5 d4 49. Ng4 h5 50. Nf2 Kd5 51. Nd3 e4 52. Nf4+ Ke5 53. Kc4 d3 54. Nxd3+ exd3 55. Kxd3 Kf5 56. Ke3 Kg4 57. Kf2 h4 58. gxh4 Kxh4 1/2-1/2

[Event "Niedersachsen-ch op"]
[Site "Verden"]
[Date "2016.01.03"]
[Round "2"]
[White "Klein, Andreas"]
[Black "Wielebinski, Paul Martin"]
[Result "1/2-1/2"]
[WhiteElo "2079"]
[BlackElo "1934"]
[PlyCount "41"]
[EventDate "2016.01.03"]
[EventType "swiss"]
[EventRounds "7"]
[EventCountry "GER"]
[SourceTitle "EXT 2018"]
[Source "ChessBase"]
[SourceDate "2017.10.13"]
[SourceVersion "1"]
[SourceVersionDate "2017.10.13"]
[SourceQuality "1"]

1. e4 c5 2. Nf3 Nc6 3. d4 cxd4 4. Nxd4 Nf6 5. Nc3 e5 6. Ndb5 d6 7. Bg5 a6 8. Na3 b5 9. Nd5 Be7 10. Bxf6 Bxf6 11. c4 b4 12. Nc2 a5 13. g3 0-0 14. h4 Be6 15. Bh3 Ne7 16. Nxf6+ gxf6 17. Bxe6 fxe6 18. Qg4+ Kf7 19. Qh5+ Kg8 20. Qg4+ Kf7 21. Qh5+ 1/2-1/2

[Event "Niedersachsen-ch op-A"]
[Site "Verden"]
[Date "2015.01.02"]
[Round "1"]
[White "Heyne, Jan Hendrik"]
[Black "Klein, Andreas"]
[Result "0-1"]
[WhiteElo "1784"]
[BlackElo "2091"]
[PlyCount "50"]
[EventDate "2015.01.02"]
[EventType "swiss"]
[EventRounds "7"]
[EventCountry "GER"]
[SourceTitle "EXT 2018"]
[Source "ChessBase"]
[SourceDate "2017.10.13"]
[SourceVersion "1"]
[SourceVersionDate "2017.10.13"]
[SourceQuality "1"]

1. e4 e5 2. Nf3 Nc6 3. Bc4 Nf6 4. d4 exd4 5. 0-0 Bc5 6. e5 d5 7. exf6 dxc4 8. fxg7 Rg8 9. Re1+ Be6 10. Ng5 Qd5 11. Nc3 Qf5 12. Nce4 Be7 13. Qe2 Bd5 14. b4 cxb3 15. axb3 0-0-0 16. Ng3 Qg6 17. Nh3 Bb4 18. Nf4 Qxg7 19. Nxd5 Bxe1 20. Ne7+ Nxe7 21. Qxe7 Rde8 22. Qc5 Qf6 23. f3 Qb6 24. Qf5+ Kb8 25. Qd3 Bc3 0-1

[Event "Troisdorf op"]
[Site "Troisdorf"]
[Date "2014.11.25"]
[Round "6"]
[White "Gerhards, Bernd"]
[Black "Klein, Andreas"]
[Result "0-1"]
[WhiteElo "1789"]
[BlackElo "1759"]
[PlyCount "48"]
[EventDate "2014.10.21"]
[EventType "swiss"]
[EventRounds "7"]
[EventCountry "GER"]
[SourceTitle "EXT 2016"]
[Source "ChessBase"]
[SourceDate "2015.10.08"]
[SourceVersion "1"]
[SourceVersionDate "2015.10.08"]
[SourceQuality "1"]

1. e4 e5 2. Nc3 Nf6 3. g3 d5 4. exd5 Nxd5 5. Bg2 Nxc3 6. bxc3 c6 7. Ne2 Be6 8. 0-0 Nd7 9. d4 Be7 10. f4 exd4 11. cxd4 Nb6 12. h3 0-0 13. f5 Bd5 14. Nf4 Bxg2 15. Kxg2 Bf6 16. c3 Nd5 17. Nxd5 Qxd5+ 18. Kh2 Rfe8 19. Bf4 Qc4 20. Re1 Qxc3 21. Be5 Bxe5 22. dxe5 Rxe5 23. Rf1 Rae8 24. Rf2 Re1 0-1

[Event "Troisdorf op"]
[Site "Troisdorf"]
[Date "2014.11.11"]
[Round "4"]
[White "Kuhn, Andreas"]
[Black "Klein, Andreas"]
[Result "1-0"]
[WhiteElo "1936"]
[BlackElo "1759"]
[PlyCount "56"]
[EventDate "2014.10.21"]
[EventType "swiss"]
[EventRounds "7"]
[EventCountry "GER"]
[SourceTitle "EXT 2016"]
[Source "ChessBase"]
[SourceDate "2015.10.08"]
[SourceVersion "1"]
[SourceVersionDate "2015.10.08"]
[SourceQuality "1"]

1. Nf3 c5 2. c4 Nf6 3. g3 b6 4. Bg2 Bb7 5. Nc3 e6 6. 0-0 Be7 7. Re1 d6 8. e4 Nbd7 9. d4 cxd4 10. Nxd4 a6 11. e5 dxe5 12. Bxb7 exd4 13. Bxa8 dxc3 14. Bg2 Bb4 15. Re3 h5 16. a3 Bc5 17. Rxc3 Ng4 18. Rc2 Nxf2 19. Rxf2 Qf6 20. Qf3 Qd4 21. Qxf7+ Kd8 22. Bg5+ Kc8 23. Qf3 Qxf2+ 24. Qxf2 Rf8 25. Be3 Rxf2 26. Kxf2 Ne5 27. Bxc5 Nd3+ 28. Ke3 Nxc5 1-0

[Event "Mittelrhein Verbandsliga Ost 1314"]
[Site "Mittelrhein"]
[Date "2014.02.09"]
[Round "7.8"]
[White "Rudloff, Jan"]
[Black "Klein, Andreas"]
[Result "1-0"]
[WhiteElo "1607"]
[BlackElo "1769"]
[PlyCount "69"]
[EventDate "2013.09.15"]
[EventType "team-tourn"]
[EventRounds "11"]
[EventCountry "GER"]
[SourceTitle "EXT 2023"]
[Source "ChessBase"]
[SourceDate "2022.10.05"]
[SourceVersion "1"]
[SourceVersionDate "2022.10.05"]
[SourceQuality "1"]
[WhiteTeam "Bruehl II"]
[BlackTeam "Bergische SF II"]
[WhiteTeamCountry "GER"]
[BlackTeamCountry "GER"]

1. f4 d5 2. Nf3 Nh6 3. b3 f6 4. Bb2 Nf7 5. e3 Bg4 6. Be2 Nd7 7. h3 Bxf3 8. Bxf3 c6 9. 0-0 e5 10. fxe5 Ndxe5 11. d4 Ng6 12. Nd2 Be7 13. e4 0-0 14. Bh5 Rc8 15. Bxg6 hxg6 16. Qg4 g5 17. Rae1 Bb4 18. c3 Bd6 19. Re2 Bb8 20. Rfe1 Nh6 21. Qf3 f5 22. e5 g4 23. hxg4 fxg4 24. Qd3 Rf5 25. Rf1 Rh5 26. Qg6 Qh4 27. Qe6+ Kh7 28. Qxc8 Qg3 29. Nf3 gxf3 30. Rxf3 Qh2+ 31. Kf1 Qh1+ 32. Kf2 Rg5 33. Qh3 Rxg2+ 34. Qxg2 Qh4+ 35. Kf1 1-0

[Event "Dresden ZMDI Blitz"]
[Site "Dresden"]
[Date "2011.08.10"]
[Round "5"]
[White "Klein, Andreas"]
[Black "Gutt, Oswald"]
[Result "1-0"]
[WhiteElo "2084"]
[BlackElo "2031"]
[PlyCount "67"]
[EventDate "2011.08.06"]
[EventType "swiss (blitz)"]
[EventRounds "9"]
[EventCountry "GER"]
[SourceTitle "EXT 2022"]
[Source "ChessBase"]
[SourceDate "2021.10.06"]
[SourceVersion "1"]
[SourceVersionDate "2021.10.06"]
[SourceQuality "1"]

1. e4 e5 2. f4 d5 3. exd5 c6 4. Qe2 Be7 5. fxe5 cxd5 6. d4 Nc6 7. Nf3 Bg4 8. c3 f6 9. exf6 Nxf6 10. Nbd2 0-0 11. Qd3 Bd6 12. Be2 Qd7 13. 0-0 Rae8 14. Re1 Ne4 15. Nf1 Qf7 16. Ne3 Bxh2+ 17. Kxh2 Qh5+ 18. Kg1 Bxf3 19. Bxf3 Rxf3 20. gxf3 Qxf3 21. Qe2 Qg3+ 22. Ng2 Re6 23. Bf4 Qg6 24. Qb5 Ne7 25. Qxb7 h5 26. Qb5 Rb6 27. Qe2 Nf5 28. Rad1 h4 29. Rd3 Re6 30. Qf3 Ng5 31. Bxg5 Rxe1+ 32. Nxe1 Qxg5+ 33. Ng2 Qc1+ 34. Rd1 1-0

[Event "Dresden ZMDI Blitz"]
[Site "Dresden"]
[Date "2011.08.09"]
[Round "4"]
[White "Bruemmel, Arend"]
[Black "Klein, Andreas"]
[Result "1/2-1/2"]
[WhiteElo "2063"]
[BlackElo "2084"]
[PlyCount "137"]
[EventDate "2011.08.06"]
[EventType "swiss (blitz)"]
[EventRounds "9"]
[EventCountry "GER"]
[SourceTitle "EXT 2022"]
[Source "ChessBase"]
[SourceDate "2021.10.06"]
[SourceVersion "1"]
[SourceVersionDate "2021.10.06"]
[SourceQuality "1"]

1. d4 d5 2. c4 Nc6 3. Nc3 dxc4 4. Nf3 Nf6 5. e4 Bg4 6. Be3 e6 7. Bxc4 Bb4 8. Qc2 0-0 9. Rd1 Qe7 10. e5 Nd5 11. 0-0 Bxf3 12. gxf3 Nxe3 13. fxe3 Qg5+ 14. Kf2 Bxc3 15. Qxc3 Ne7 16. Rg1 Qh4+ 17. Kg2 Qh5 18. Rdf1 Rfd8 19. Kh1 c5 20. dxc5 Rac8 21. b4 b6 22. Ba6 Rc7 23. e4 bxc5 24. Rd1 Rxd1 25. Rxd1 h6 26. Be2 Ng6 27. bxc5 Nf4 28. Bf1 Kh7 29. Bg2 Qg5 30. Bf1 Qh5 31. Bg2 Qg5 32. Bf1 Ng6 33. Rc1 Nxe5 34. Be2 Ng6 35. c6 Ne5 36. Rg1 Qf4 37. Bb5 Qxf3+ 38. Qxf3 Nxf3 39. Rc1 Ne5 40. Rc5 f6 41. Kg2 Kg6 42. Kg3 Kf7 43. Kf4 Ng6+ 44. Ke3 Ke7 45. Rc2 Ne5 46. Ba4 Nf7 47. Rg2 g5 48. Kd4 Nd8 49. Kc5 Nb7+ 50. Kd4 Nd6 51. e5 fxe5+ 52. Kxe5 Nc4+ 53. Kd4 Nb6 54. Bb5 a6 55. Bxa6 Rxc6 56. Bb5 Rd6+ 57. Ke4 Nd5 58. a4 Nc3+ 59. Ke3 Rb6 60. Kd4 Rxb5 61. axb5 Nxb5+ 62. Ke5 Nd6 63. Rf2 Nf7+ 64. Kd4 h5 65. Ke4 Kf8 66. Rf6 Ke7 67. Rg6 Nd6+ 68. Ke3 Nf7 69. Kd4 1/2-1/2

[Event "Dresden ZMDI Blitz"]
[Site "Dresden"]
[Date "2011.08.07"]
[Round "2"]
[White "Wolf, Andreas"]
[Black "Klein, Andreas"]
[Result "0-1"]
[WhiteElo "1956"]
[BlackElo "2084"]
[PlyCount "123"]
[EventDate "2011.08.06"]
[EventType "swiss (blitz)"]
[EventRounds "9"]
[EventCountry "GER"]
[SourceTitle "EXT 2022"]
[Source "ChessBase"]
[SourceDate "2021.10.06"]
[SourceVersion "1"]
[SourceVersionDate "2021.10.06"]
[SourceQuality "1"]

1. d4 d5 2. c4 Nc6 3. Nf3 Bg4 4. e3 e5 5. dxe5 dxc4 6. Be2 Qxd1+ 7. Bxd1 0-0-0 8. 0-0 Bb4 9. Nd4 Bxd1 10. Rxd1 Nxe5 11. Bd2 Be7 12. Nc3 g6 13. Ne4 f5 14. Ne6 fxe4 15. Nxd8 Bxd8 16. Bc3 Bf6 17. Rd4 Ne7 18. Rxe4 N7c6 19. f4 Nd7 20. Rxc4 Bxc3 21. Rxc3 Nf6 22. Rd1 Re8 23. h3 Nb4 24. Rc5 Rxe3 25. Re5 Rxe5 26. fxe5 Ne8 27. Rf1 Kd8 28. Rf7 h5 29. e6 Nc6 30. Rd7+ Kc8 31. Kf2 Nd8 32. Re7 Nd6 33. Rg7 Nxe6 34. Rxg6 Kd7 35. Rh6 Ng7 36. Rh7 Nde8 37. g4 hxg4 38. hxg4 Ke6 39. Kf3 Kf6 40. Rh1 Nd6 41. Rc1 Ne6 42. b3 c5 43. Rh1 Ke5 44. Rh5+ Kd4 45. g5 Nf7 46. Rh4+ Kc3 47. g6 Ne5+ 48. Ke4 Nxg6 49. Rh2 Ngf4 50. Ke5 b5 51. Rh7 a5 52. Ra7 Kb4 53. Kd6 c4 54. bxc4 bxc4 55. Rb7+ Ka3 56. Ke5 a4 57. Rb8 Kxa2 58. Ke4 Nd3 59. Ke3 Nb2 60. Kd2 a3 61. Kc2 Na4 62. Kc1 0-1

[Event "IECG TG-2007-0-15765"]
[Site "IECG email"]
[Date "2007.08.06"]
[Round "2"]
[White "Klein, Andreas"]
[Black "Malone, Dennis"]
[Result "1-0"]
[WhiteElo "800"]
[BlackElo "850"]
[PlyCount "59"]
[EventDate "2007.07.08"]
[EventType "tourn (corr)"]
[EventRounds "6"]
[SourceTitle "Corr 2024"]
[Source "ChessBase"]
[SourceDate "2023.10.19"]
[SourceVersion "1"]
[SourceVersionDate "2023.10.19"]
[SourceQuality "1"]

1. e4 e5 2. Nf3 Nc6 3. Bb5 a6 4. Bxc6 dxc6 5. 0-0 Nf6 6. Nxe5 Bd6 7. Nf3 0-0 8. e5 Ng4 9. exd6 cxd6 10. d4 d5 11. Bg5 Qd6 12. Re1 Bf5 13. Be7 Qc7 14. Bxf8 Rxf8 15. Nbd2 c5 16. c3 Bd3 17. dxc5 Qxc5 18. Nd4 Nf6 19. N2b3 Qc4 20. Na5 Qc7 21. Qxd3 Qxa5 22. Re7 b5 23. Qg3 Qd8 24. Rae1 h6 25. Nf5 g6 26. Nxh6+ Kg7 27. R1e6 Kxh6 28. Qh4+ Nh5 29. g4 fxe6 30. g5# 1-0

[Event "IECG TG-2007-0-15765"]
[Site "IECG email"]
[Date "2007.07.09"]
[Round "1"]
[White "Malone, Dennis"]
[Black "Klein, Andreas"]
[Result "0-1"]
[WhiteElo "850"]
[BlackElo "800"]
[PlyCount "78"]
[EventDate "2007.07.08"]
[EventType "tourn (corr)"]
[EventRounds "6"]
[SourceTitle "Corr 2024"]
[Source "ChessBase"]
[SourceDate "2023.10.19"]
[SourceVersion "1"]
[SourceVersionDate "2023.10.19"]
[SourceQuality "1"]

1. e4 e5 2. Nf3 Nf6 3. Nc3 Nc6 4. Bc4 Nxe4 5. Qe2 Nxc3 6. bxc3 Qe7 7. 0-0 e4 8. Nd4 Nxd4 9. cxd4 c6 10. d5 b5 11. Bb3 Qe5 12. Rb1 Bd6 13. g3 cxd5 14. Bb2 d4 15. f4 Qe7 16. Bxd4 Bc5 17. Qe3 Bxd4 18. Qxd4 Bb7 19. Qxg7 Rf8 20. d4 d5 21. Qxh7 Qf6 22. Qh5 Qxd4+ 23. Kh1 Rh8 24. Qf5 Rh6 25. Rbd1 Qh8 26. Rf2 Qf6 27. Qg4 e3 28. Re2 d4+ 29. Kg1 Rg6 30. Qh5 Qc6 31. Bd5 Qxd5 32. Qxd5 Bxd5 33. Rxd4 Bxa2 34. Rxe3+ Re6 35. Ra3 Bc4 36. f5 Re1+ 37. Kf2 Re2+ 38. Kf3 Rxh2 39. g4 Rh3+ 0-1

[Event "Niedersachsen-ch"]
[Site "Verden"]
[Date "2006.01.06"]
[Round "4"]
[White "Klein, Andreas"]
[Black "Harke, Horst"]
[Result "1-0"]
[WhiteElo "2120"]
[BlackElo "1951"]
[PlyCount "27"]
[EventDate "2006.01.??"]
[EventType "swiss"]
[EventRounds "7"]
[EventCountry "GER"]
[SourceTitle "CBM 110 Extra"]
[Source "ChessBase"]
[SourceDate "2006.03.10"]
[SourceVersion "2"]
[SourceVersionDate "2006.03.10"]
[SourceQuality "1"]

1. e4 c6 2. d4 d5 3. f3 g6 4. Nc3 Bg7 5. Be3 e6 6. Qd2 dxe4 7. fxe4 Ne7 8. Nf3 Nd7 9. a4 0-0 10. Bc4 Nb6 11. Bb3 a5 12. 0-0-0 Qe8 13. d5 Ra6 14. d6 1-0

[Event "Niedersachsen-ch"]
[Site "Verden"]
[Date "2006.01.05"]
[Round "1"]
[White "Langenfeld, Olaf"]
[Black "Klein, Andreas"]
[Result "0-1"]
[WhiteElo "1534"]
[BlackElo "2120"]
[PlyCount "118"]
[EventDate "2006.01.??"]
[EventType "swiss"]
[EventRounds "7"]
[EventCountry "GER"]
[SourceTitle "CBM 110 Extra"]
[Source "ChessBase"]
[SourceDate "2006.03.10"]
[SourceVersion "2"]
[SourceVersionDate "2006.03.10"]
[SourceQuality "1"]

1. e4 Nf6 2. e5 Nd5 3. c4 Nb6 4. d4 d6 5. exd6 cxd6 6. Nc3 g6 7. Be2 Bg7 8. Nf3 0-0 9. 0-0 Nc6 10. Be3 Bg4 11. b3 d5 12. c5 Nc8 13. a3 e6 14. b4 a6 15. Qd2 N8e7 16. Ne1 Bxe2 17. Nxe2 Nf5 18. Nc2 b6 19. Rab1 bxc5 20. bxc5 Na5 21. Qd3 Nc4 22. Rb4 a5 23. Rb5 h6 24. Rfb1 g5 25. a4 Ne7 26. Na3 Nxe3 27. fxe3 Nc6 28. Nc2 f6 29. Rb6 Qc8 30. Qb5 Rb8 31. Qxc6 Qxc6 32. Rxb8 Qxa4 33. Rxf8+ Bxf8 34. Rb2 e5 35. Kf2 f5 36. dxe5 Bxc5 37. Ncd4 Bb4 38. Nxf5 Qa1 39. Rc2 Be1+ 40. Kf3 Qxe5 41. Rc8+ Kh7 42. Ned4 Bd2 43. Ke2 Bxe3 44. Nxe3 Qxd4 45. Rc7+ Kg8 46. Rc8+ Kf7 47. Rc7+ Ke8 48. Re7+ Kd8 49. Re6 Qb4 50. Rxh6 d4 51. Ng4 d3+ 52. Kxd3 Qxg4 53. Rd6+ Kc7 54. Rd5 a4 55. Rd4 Qd1+ 56. Kc3 Qb3+ 57. Kd2 a3 58. Rd3 Qb2+ 59. Ke3 a2 0-1